000 00527nam a2200181Ia 4500
999 _c16639
_d16639
003 OSt
005 20200606115951.0
008 190216s9999||||xx |||||||||||||| ||und||
020 _a8189156101
040 _cMESKC library
082 _a641.5
_bBAN/B
100 _aBanarji, Anindita
_9182
245 0 _aBhartiya Paramparik Vayanjan Kosh /
_cDr. Arunditha Banarji
260 _bNavadeep Prakashan,
_c2009.
_aDelhi :
300 _a176p
650 _aHindi
942 _cBK
_2ddc
_h641.5
_iBAN/B
_k641.5
_mBAN/B